[Event "Titled Tuesday intern op 25th Jul Late"]
[Site "Chess.com INT"]
[Date "2023.07.25"]
[Round "5"]
[White "Benedetti, Julio"]
[Black "Fernandez Siles, Luis"]
[Result "1/2-1/2"]
[WhiteElo "2274"]
[BlackElo "2218"]
[PlyCount "78"]
[EventDate "2023.07.25"]
[EventType "swiss (blitz)"]
[EventRounds "11"]
[EventCountry "USA"]
[SourceTitle "EXT 2024"]
[Source "ChessBase"]
[SourceDate "2023.10.10"]
[SourceVersion "1"]
[SourceVersionDate "2023.10.10"]
[SourceQuality "1"]

1. e4 c5 2. Nc3 Nc6 3. f4 g6 4. Nf3 Bg7 5. Bc4 e6 6. f5 Nge7 7. fxe6 dxe6 8. d3 0-0 9. 0-0 Na5 10. Bb3 Nec6 11. Qe1 Nxb3 12. axb3 b6 13. Bg5 f6 14. Be3 Bb7 15. Qh4 Nd4 16. Rf2 Nxf3+ 17. Rxf3 f5 18. Bg5 Bf6 19. Bxf6 Qxf6 20. Qxf6 Rxf6 21. Nb5 Rf7 22. Nd6 Rd7 23. Nxb7 Rxb7 24. exf5 exf5 25. Re3 Kf7 26. Rae1 a5 27. Rh3 Kf6 28. Rhe3 a4 29. bxa4 Rxa4 30. b3 Raa7 31. Re6+ Kf7 32. Rc6 Ra2 33. Re2 Re7 34. Rxe7+ Kxe7 35. Rxb6 Rxc2 36. Rb7+ Kf6 37. Rxh7 Rc3 38. Rc7 Rxd3 39. Rxc5 Rxb3 1/2-1/2

[Event "Titled Tuesday intern op 25th Jul Late"]
[Site "Chess.com INT"]
[Date "2023.07.25"]
[Round "4"]
[White "Kujawski, Adam"]
[Black "Benedetti, Julio"]
[Result "0-1"]
[WhiteElo "2173"]
[BlackElo "2274"]
[PlyCount "60"]
[EventDate "2023.07.25"]
[EventType "swiss (blitz)"]
[EventRounds "11"]
[EventCountry "USA"]
[SourceTitle "EXT 2024"]
[Source "ChessBase"]
[SourceDate "2023.10.10"]
[SourceVersion "1"]
[SourceVersionDate "2023.10.10"]
[SourceQuality "1"]

1. e4 c5 2. Nf3 d6 3. d4 cxd4 4. Nxd4 Nf6 5. Nc3 a6 6. Bg5 e6 7. f4 h6 8. Bh4 Qb6 9. Qd3 Qxb2 10. Rb1 Qa3 11. f5 e5 12. Bxf6 gxf6 13. Nb3 Be7 14. Nd5 Bd8 15. Be2 Nc6 16. 0-0 Nb4 17. Nxb4 Qxb4 18. Kh1 Bd7 19. Rfd1 Be7 20. c4 Qa3 21. c5 Bb5 22. Qe3 dxc5 23. Bxb5+ axb5 24. Qd3 c4 25. Qd7+ Kf8 26. Qxb7 Kg7 27. Nd2 Rab8 28. Qd7 Rhd8 29. Qc6 Qxa2 30. Nf3 b4 0-1

[Event "Titled Tuesday intern op 13th Jun Late"]
[Site "Chess.com INT"]
[Date "2023.06.13"]
[Round "6"]
[White "Benedetti, Julio"]
[Black "Novikova, Margarita"]
[Result "1-0"]
[WhiteElo "2274"]
[BlackElo "1985"]
[PlyCount "137"]
[EventDate "2023.06.13"]
[EventType "swiss (blitz)"]
[EventRounds "11"]
[EventCountry "USA"]
[SourceTitle "EXT 2024"]
[Source "ChessBase"]
[SourceDate "2023.10.10"]
[SourceVersion "1"]
[SourceVersionDate "2023.10.10"]
[SourceQuality "1"]

1. e4 d5 2. Nc3 dxe4 3. Nxe4 Bf5 4. Ng3 Bg6 5. Nf3 e6 6. h4 h6 7. h5 Bh7 8. d4 Nf6 9. Bd3 Bxd3 10. Qxd3 Nc6 11. Bf4 Bd6 12. Ne2 Qd7 13. 0-0-0 0-0-0 14. Kb1 Nd5 15. Bxd6 Qxd6 16. a3 Nf4 17. Nxf4 Qxf4 18. g3 Qg4 19. Rh4 Qf5 20. Qxf5 exf5 21. Rf4 g6 22. hxg6 fxg6 23. Rh4 g5 24. Rh5 g4 25. Nh4 Nxd4 26. c3 Nf3 27. Rxd8+ Kxd8 28. Nxf3 gxf3 29. Rxf5 h5 30. Rxf3 h4 31. gxh4 Rxh4 32. Rf7 Kc8 33. Ka2 b6 34. Kb3 Kb7 35. Kc2 Kc6 36. Kd3 Kd6 37. b4 a5 38. bxa5 bxa5 39. f4 Rh3+ 40. Kc4 Kc6 41. Rf6+ Kd7 42. a4 Rf3 43. Rf5 Kd6 44. Kd4 c5+ 45. Kc4 Ke6 46. Re5+ Kd6 47. Rd5+ Ke6 48. f5+ Kf6 49. Rxc5 Rf4+ 50. Kb5 Ke7 51. Kxa5 Kd6 52. Kb5 Rf1 53. a5 Rb1+ 54. Kc4 Ra1 55. Rd5+ Kc6 56. Re5 Kd6 57. Re6+ Kd7 58. a6 Ra5 59. Rf6 Ke7 60. Kb4 Ra1 61. Rb6 Rb1+ 62. Kc5 Ra1 63. Rb7+ Kf6 64. a7 Kxf5 65. Kc6 Ke6 66. Kc7 Kd5 67. Kb8 Kc6 68. a8Q Rb1 69. Rxb1+ 1-0

[Event "Titled Tuesday intern op 02nd May Late"]
[Site "Chess.com INT"]
[Date "2023.05.02"]
[Round "5"]
[White "Benedetti, Julio"]
[Black "Santos Ruiz, Miguel"]
[Result "1-0"]
[WhiteElo "2274"]
[BlackElo "2590"]
[PlyCount "65"]
[EventDate "2023.05.02"]
[EventType "swiss (blitz)"]
[EventRounds "11"]
[EventCountry "USA"]
[SourceTitle "EXT 2024"]
[Source "ChessBase"]
[SourceDate "2023.10.10"]
[SourceVersion "1"]
[SourceVersionDate "2023.10.10"]
[SourceQuality "1"]

1. e4 c5 2. Nc3 a6 3. a4 d6 4. f4 g6 5. Nf3 Bg7 6. Bc4 Nc6 7. d3 e6 8. f5 Nf6 9. 0-0 gxf5 10. Qe1 Ne7 11. exf5 Nxf5 12. Ne4 d5 13. Ng3 Nxg3 14. Qxg3 Rg8 15. Bb3 Bf8 16. Bg5 Be7 17. Qh4 Qb6 18. Bxf6 c4+ 19. Kh1 Bxf6 20. Qxf6 cxb3 21. Ne5 Qc7 22. cxb3 Qe7 23. Qf4 f6 24. Ng4 f5 25. Ne5 Qg5 26. Qf2 Bd7 27. Rae1 0-0-0 28. g3 Kb8 29. Qb6 Ka8 30. Rc1 Bc8 31. Rc7 Rg7 32. Nc6 Qe3 33. Qxe3 1-0

[Event "Titled Tuesday intern op 02nd May Late"]
[Site "Chess.com INT"]
[Date "2023.05.02"]
[Round "6"]
[White "Zhigalko, Sergei"]
[Black "Benedetti, Julio"]
[Result "1-0"]
[WhiteElo "2572"]
[BlackElo "2274"]
[PlyCount "65"]
[EventDate "2023.05.02"]
[EventType "swiss (blitz)"]
[EventRounds "11"]
[EventCountry "USA"]
[SourceTitle "EXT 2024"]
[Source "ChessBase"]
[SourceDate "2023.10.10"]
[SourceVersion "1"]
[SourceVersionDate "2023.10.10"]
[SourceQuality "1"]

1. e4 c5 2. Nf3 Nc6 3. c3 Nf6 4. e5 Nd5 5. Bc4 Nb6 6. Bb3 d5 7. exd6 Qxd6 8. 0-0 g6 9. Na3 Qd8 10. d4 cxd4 11. Nb5 a6 12. Nbxd4 Nxd4 13. Nxd4 Bg7 14. Bg5 0-0 15. Re1 Nd5 16. Qf3 Nf6 17. h3 Re8 18. Rad1 Qc7 19. Bxf6 Bxf6 20. Qxf6 exf6 21. Rxe8+ Kg7 22. Rde1 Qf4 23. R8e7 Bf5 24. Rxf7+ Kh8 25. g3 Qd2 26. Ree7 Qh6 27. h4 Rf8 28. Nxf5 gxf5 29. Rxf8+ Qxf8 30. Rxb7 Qe8 31. Rb4 Qe1+ 32. Kg2 Qe4+ 33. Rxe4 1-0

[Event "Catalunya-chT Gp1"]
[Site "Barcelona"]
[Date "2022.03.05"]
[Round "7.5"]
[White "Benedetti, Julio"]
[Black "Alvarez Albiol, Victor"]
[Result "1/2-1/2"]
[WhiteElo "2255"]
[BlackElo "2247"]
[PlyCount "57"]
[EventDate "2022.01.22"]
[EventType "team-tourn"]
[EventRounds "9"]
[EventCountry "ESP"]
[SourceTitle "CBM 208 Extra"]
[Source "ChessBase"]
[SourceDate "2022.07.31"]
[SourceVersion "1"]
[SourceVersionDate "2022.07.31"]
[SourceQuality "1"]
[WhiteTeam "Mollet"]
[BlackTeam "Foment Martinenc"]
[WhiteTeamCountry "ESP"]
[BlackTeamCountry "ESP"]

1. e4 e5 2. Nf3 Nc6 3. Bc4 Bc5 4. d3 Nf6 5. c3 d6 6. 0-0 0-0 7. h3 a5 8. Re1 Be6 9. Nbd2 Ba7 10. a4 h6 11. Bxe6 fxe6 12. Qb3 Qd7 13. Nc4 Nh5 14. Be3 Bxe3 15. fxe3 b6 16. Qb5 Nb8 17. Qxd7 Nxd7 18. b4 axb4 19. cxb4 Nhf6 20. Rec1 Rfb8 21. Ncd2 Rb7 22. d4 Rba7 23. dxe5 Nxe5 24. Nxe5 dxe5 25. a5 bxa5 26. bxa5 Rxa5 27. Rxa5 Rxa5 28. Rxc7 Ra2 29. Rc8+ 1/2-1/2

[Event "Barcelona Tres Peons IM"]
[Site "Barcelona"]
[Date "2021.11.08"]
[Round "8"]
[White "Panelo Munoz, Marcelo A"]
[Black "Benedetti, Julio"]
[Result "1-0"]
[WhiteElo "2400"]
[BlackElo "2203"]
[PlyCount "145"]
[EventDate "2021.09.20"]
[EventType "tourn"]
[EventRounds "9"]
[EventCountry "ESP"]
[EventCategory "2"]
[SourceTitle "EXT 2023"]
[Source "ChessBase"]
[SourceDate "2022.10.05"]
[SourceVersion "1"]
[SourceVersionDate "2022.10.05"]
[SourceQuality "1"]

1. d4 d5 2. Nf3 Nf6 3. c4 dxc4 4. e3 e6 5. Bxc4 a6 6. 0-0 c5 7. Bb3 Nc6 8. Qe2 cxd4 9. Rd1 Be7 10. Nc3 0-0 11. Nxd4 Qc7 12. Nxc6 Qxc6 13. e4 b5 14. Bg5 h6 15. Bh4 Bb7 16. Rac1 Rac8 17. Nd5 Qxc1 18. Nxe7+ Kh7 19. Nxc8 Qxc8 20. f3 Qc5+ 21. Qf2 Qe5 22. Qb6 Bc8 23. Qd6 Qxd6 24. Rxd6 Nd7 25. Bc2 e5 26. Bf2 Re8 27. a4 Re6 28. Rxe6 fxe6 29. axb5 axb5 30. Bd3 Ba6 31. Kf1 Nb8 32. Ke2 Nc6 33. Kd2 Kg6 34. Bc5 Kf7 35. b4 Kf6 36. Ke3 Kf7 37. g3 g5 38. Be2 Kf6 39. Bd6 Kg6 40. Bf1 Kf6 41. Bd3 Kg6 42. f4 gxf4+ 43. gxf4 Kf6 44. Bf1 exf4+ 45. Kxf4 e5+ 46. Kg4 Kg6 47. Kg3 Kg5 48. Bh3 Bb7 49. Bd7 Kf6 50. Kf3 Nd4+ 51. Ke3 Bc6 52. Bh3 Nc2+ 53. Kd3 Ne1+ 54. Ke2 Nc2 55. Bg2 Nd4+ 56. Kf2 Bd7 57. Bf8 Kg6 58. Bf1 Bc6 59. Bd3 Ne6 60. Be7 Nf4 61. Bc2 Bd7 62. Bc5 Kg5 63. Be3 Kg6 64. Bxf4 exf4 65. Kf3 Kg5 66. h4+ Kxh4 67. Kxf4 Kh3 68. e5 Kg2 69. Bg6 Kf2 70. Bf7 Bc6 71. e6 Bd5 72. Ke5 Bc4 73. Bh5 1-0

[Event "Barcelona Tres Peons IM"]
[Site "Barcelona"]
[Date "2021.10.25"]
[Round "6"]
[White "Benedetti, Julio"]
[Black "Valenzuela Gomez, Fernando Alberto"]
[Result "0-1"]
[WhiteElo "2203"]
[BlackElo "2358"]
[PlyCount "92"]
[EventDate "2021.09.20"]
[EventType "tourn"]
[EventRounds "9"]
[EventCountry "ESP"]
[EventCategory "2"]
[SourceTitle "EXT 2023"]
[Source "ChessBase"]
[SourceDate "2022.10.05"]
[SourceVersion "1"]
[SourceVersionDate "2022.10.05"]
[SourceQuality "1"]

1. e4 c5 2. Nf3 d6 3. d4 cxd4 4. Nxd4 Nf6 5. Nc3 a6 6. f3 e5 7. Nb3 Be6 8. Be3 Be7 9. Qd2 h5 10. 0-0-0 Nbd7 11. Kb1 Rc8 12. Nd5 Nxd5 13. exd5 Bf5 14. Bd3 Bxd3 15. Qxd3 Bg5 16. Bf2 Qc7 17. h4 Be7 18. c3 0-0 19. Nd2 f5 20. g4 fxg4 21. Be3 Nf6 22. Rhg1 Bd8 23. Bg5 e4 24. Nxe4 Nxe4 25. Qxe4 Bxg5 26. hxg5 Rce8 27. Qg6 Re2 28. Rde1 Rxe1+ 29. Rxe1 gxf3 30. Qxh5 f2 31. Rf1 Qc4 32. Qh1 Qd3+ 33. Ka1 Rf4 34. Qg2 g6 35. a3 Qe3 36. Ka2 b5 37. Qh2 Qf3 38. Ka1 Qe2 39. Qh3 Rf5 40. Qg2 a5 41. Ka2 b4 42. axb4 axb4 43. cxb4 Qc4+ 44. Kb1 Qd3+ 45. Ka1 Rf8 46. Rxf2 Ra8# 0-1

[Event "Barcelona Tres Peons IM"]
[Site "Barcelona"]
[Date "2021.09.27"]
[Round "2"]
[White "Benedetti, Julio"]
[Black "Martin Barcelo, Carles"]
[Result "1/2-1/2"]
[WhiteElo "2203"]
[BlackElo "2252"]
[PlyCount "98"]
[EventDate "2021.09.20"]
[EventType "tourn"]
[EventRounds "9"]
[EventCountry "ESP"]
[EventCategory "2"]
[SourceTitle "EXT 2023"]
[Source "ChessBase"]
[SourceDate "2022.10.05"]
[SourceVersion "1"]
[SourceVersionDate "2022.10.05"]
[SourceQuality "1"]

1. e4 e5 2. Nf3 Nc6 3. Bc4 Nf6 4. Ng5 d5 5. exd5 Na5 6. Bb5+ c6 7. dxc6 bxc6 8. Qf3 Be7 9. Bd3 0-0 10. 0-0 Bb7 11. Nc3 c5 12. Qf5 g6 13. Qh3 Nh5 14. Nxh7 Nf4 15. Qh6 Bxg2 16. Be4 Bxe4 17. Nxe4 f5 18. d3 Rf7 19. Nhg5 Bxg5 20. Nxg5 Qxg5+ 21. Qxg5 Nh3+ 22. Kg2 Nxg5 23. Bxg5 f4 24. Rfe1 Nc6 25. Re4 Rd7 26. Rc4 Rd5 27. Kf3 Kf7 28. h4 Ke6 29. Kg4 Rb8 30. b3 Nd4 31. Rc1 Nc6 32. Re1 Kf7 33. a3 a5 34. Rh1 Rh8 35. Re1 Re8 36. Ree4 Rf8 37. Ra4 Ke6 38. Bh6 Rf5 39. Rac4 Kf7 40. Re1 Rh5 41. Bg5 Rh8 42. Ra4 Rd4 43. Re4 Rxa4 44. Rxa4 Ke6 45. Rc4 Kd5 46. Bf6 Rh5 47. Bg5 Rh7 48. Bf6 Rh5 49. Bg5 Rh7 1/2-1/2

[Event "Barcelona IM 19th"]
[Site "Barcelona"]
[Date "2021.08.05"]
[Round "9"]
[White "Benedetti, Julio"]
[Black "Navrotescu, Andreea Cristiana"]
[Result "0-1"]
[WhiteElo "2290"]
[BlackElo "2265"]
[PlyCount "188"]
[EventDate "2021.07.28"]
[EventType "tourn"]
[EventRounds "9"]
[EventCountry "ESP"]
[EventCategory "1"]
[SourceTitle "CBM 203 Extra"]
[Source "ChessBase"]
[SourceDate "2021.09.30"]
[SourceVersion "1"]
[SourceVersionDate "2021.09.30"]
[SourceQuality "1"]

1. e4 c5 2. Nf3 d6 3. d4 cxd4 4. Nxd4 Nf6 5. Nc3 Nc6 6. Bg5 e6 7. Qd2 a6 8. 0-0-0 Bd7 9. f4 b5 10. a3 Qb6 11. Nxc6 Bxc6 12. Bxf6 gxf6 13. f5 h5 14. Kb1 Rb8 15. b4 a5 16. Be2 axb4 17. axb4 Bh6 18. Qxd6 Bf8 19. Qd4 Qxd4 20. Rxd4 e5 21. Rd3 Bxb4 22. Nd5 Bxd5 23. Rxd5 Bc3 24. Bxb5+ Ke7 25. Ka2 Rhc8 26. Rhd1 Bd4 27. Rd7+ Kf8 28. c4 Ra8+ 29. Kb3 Ra5 30. Rd3 Rca8 31. R3xd4 exd4 32. Rxd4 Ra2 33. c5 Rxg2 34. c6 Rc8 35. Rd7 Rg1 36. Kb2 Rb8 37. Rb7 Rc8 38. Ba4 Rg2+ 39. Kc3 Rxh2 40. c7 Ke7 41. Kd4 Ra2 42. Bb3 Ra5 43. Bd5 h4 44. Ke3 Ra3+ 45. Kf4 h3 46. e5 Ra4+ 47. Be4 h2 48. exf6+ Kd6 49. Rb1 Rxc7 50. Rd1+ Kc5 51. Rh1 Ra2 52. Rb1 Rca7 53. Rc1+ Kb4 54. Rb1+ Kc3 55. Rc1+ Kb3 56. Bd5+ Kb2 57. Rh1 R7a4+ 58. Kg3 R2a3+ 59. Bf3 Kc3 60. Rxh2 Kd4 61. Re2 Re3 62. Rd2+ Ke5 63. Kf2 Raa3 64. Bh5 Kxf6 65. Rd6+ Ke7 66. Rb6 Reb3 67. f6+ Ke8 68. Re6+ Kf8 69. Rd6 Rb2+ 70. Ke1 Ra1+ 71. Bd1 Kg8 72. Rd7 Rb6 73. Rd8+ Kh7 74. Kd2 Kg6 75. Bc2+ Kxf6 76. Bd3 Ra4 77. Rd5 Rh4 78. Rf5+ Ke6 79. Rf3 f6 80. Re3+ Kd5 81. Kc3 Rc6+ 82. Kd2 Kd4 83. Re7 Rh2+ 84. Be2 f5 85. Rd7+ Ke5 86. Ra7 Kf4 87. Re7 Rd6+ 88. Ke1 Rd4 89. Ra7 Re4 90. Ra2 Rhxe2+ 91. Rxe2 Rxe2+ 92. Kxe2 Kg3 93. Kf1 Kf3 94. Ke1 Kg2 0-1

[Event "Barcelona IM-A 5th"]
[Site "Barcelona"]
[Date "2021.07.10"]
[Round "6"]
[White "Benedetti, Julio"]
[Black "Lorenzo de la Riva, Lazaro"]
[Result "0-1"]
[WhiteElo "2290"]
[BlackElo "2417"]
[PlyCount "58"]
[EventDate "2021.07.06"]
[EventType "tourn"]
[EventRounds "9"]
[EventCountry "ESP"]
[EventCategory "2"]
[SourceTitle "CBM 203 Extra"]
[Source "ChessBase"]
[SourceDate "2021.09.30"]
[SourceVersion "1"]
[SourceVersionDate "2021.09.30"]
[SourceQuality "1"]

1. e4 d5 2. exd5 Qxd5 3. Nc3 Qa5 4. d4 Nf6 5. Nf3 Bg4 6. h3 Bh5 7. Bc4 Nc6 8. g4 Bg6 9. Bd2 0-0-0 10. d5 Nb4 11. g5 Qc5 12. Qe2 Nxc2+ 13. Kf1 Nxa1 14. b4 Qxb4 15. a3 Qb2 16. gxf6 gxf6 17. Kg2 Rg8 18. Kh2 e6 19. Nb5 a6 20. Na7+ Kb8 21. Rc1 Bd6+ 22. Kh1 Bh5 23. Rc3 Qb1+ 24. Bc1 Qf5 25. Nc6+ bxc6 26. Qb2+ Ka8 27. Ng1 Qe4+ 28. f3 Rxg1+ 29. Kxg1 Qe1+ 0-1